<?xml version="1.0" encoding="UTF-8"?>
<marc:record xmlns:marc="http://www.loc.gov/MARC21/slim">
   <marc:leader>00000nam a2200000 a 4500</marc:leader>
   <marc:datafield ind1="1" ind2=" " tag="100">
      <marc:subfield code="a">Kehrer, Jürgen</marc:subfield>
      <marc:subfield code="4">aut</marc:subfield>
      <marc:subfield code="e">Verfasser/-in</marc:subfield>
   </marc:datafield>
   <marc:datafield ind1="1" ind2=" " tag="100">
      <marc:subfield code="a">Lansink, Leonard</marc:subfield>
   </marc:datafield>
   <marc:datafield ind1="0" ind2="0" tag="245">
      <marc:subfield code="a">Wilsberg - Ein bisschen Mord muss sein</marc:subfield>
   </marc:datafield>
   <marc:datafield ind1="0" ind2="0" tag="245">
      <marc:subfield code="b">Leonard Lansink liest</marc:subfield>
   </marc:datafield>
   <marc:datafield ind1="0" ind2="0" tag="245">
      <marc:subfield code="c">Jürgen Kehrer</marc:subfield>
   </marc:datafield>
   <marc:datafield ind1=" " ind2="1" tag="264">
      <marc:subfield code="a">Berlin</marc:subfield>
      <marc:subfield code="b">Argon [u.a.]</marc:subfield>
      <marc:subfield code="c">2016</marc:subfield>
   </marc:datafield>
   <marc:datafield ind1=" " ind2=" " tag="250">
      <marc:subfield code="a">2. Aufl.</marc:subfield>
   </marc:datafield>
   <marc:datafield ind1="1" ind2=" " tag="520">
      <marc:subfield code="a">Mit Erstaunen hat Georg Wilsberg den Werdegang seines Studienkumpels Wolfram Schniederbecke verfolgt: Aus dem früheren Punkmusiker ist ein gefeierter Schlagerstar geworden, mit »Goldstück« hat Wolf Schatz, wie sich Schniederbecke nun nennt, einen Riesenhit gelandet. Mit noch mehr Erstaunen nimmt der Privatdetektiv zur Kenntnis, um was ihn Schatz bittet &#x96; der Sänger hat Spielschulden und möchte, dass Wilsberg einen Geldkoffer überbringt. Nicht zuletzt, weil ein bezahlter Auftrag mal wieder zur rechten Zeit kommt, willigt Wilsberg ein. Doch bei der Übergabe des Koffers geht einiges schief &#x96; und am Ende ist der beliebte Schlagersänger tot</marc:subfield>
   </marc:datafield>
   <marc:datafield ind1=" " ind2=" " tag="020">
      <marc:subfield code="a">9783839814376</marc:subfield>
      <marc:subfield code="9">9783839814376</marc:subfield>
   </marc:datafield>
   <marc:datafield ind1="0" ind2=" " tag="490">
      <marc:subfield code="v">0</marc:subfield>
   </marc:datafield>
   <marc:datafield ind1=" " ind2=" " tag="300">
      <marc:subfield code="a">4 CDs/5 Std., 4 Min.</marc:subfield>
   </marc:datafield>
</marc:record>
